000 00658nam a2200241Ia 4500
003 OSt
005 20221005121820.0
006 a|||||r|||| 00| 0
007 ta
008 221004b |||||||| |||| 00| 0 eng d
024 _a67886
037 _cTextual
040 _aCRL
_cCRL
_beng
041 _2eng
_aeng
082 _aX:546:Z2n, K8.1-.2
110 _aIndia (Government of--). )
245 0 _aImport trade control policy (for registered exporters) for the year 1968-69
260 _c1968
650 _aECONOMICS
700 _aIndia (Government of--). )
942 _hX:546:Z2n, K8.1-.2
_cTEXL
_2cc
999 _c1042343
_d1042343